03055nam a2200313 i 4500003000900000005001700009007000300026008004100029020001800070040003000088041000800118082001700126245017100143250002200314264004800336300006900384336002700453337003300480338002800513500003500541505172500576590002702301700004802328700004602376942001402422952014202436952014602578999001702724DO-SdBNP20260327130740.0ta230818e2020 dr aobc| |||| 00| 0 spa d a9789945807561 aDO-SdBNPbspacBNPHUerda aspa 1axxxbxxx22210aPuntos ciegos de la historia política dominicana y otros escritos /cHomero Luis Lajara Solá ; cuidado de edición, Cándido Gerón ; compilador, Mario Rosario aPrimera edición 4aSanto Domingo :bEditora Corripio.c©2020. a176 páginas :bIlustrciones, fotografías, retratos ;c23 cm. atextobtxt2rdacontent asin mediaciónbn2rdamedia avolumenbnc2rdacarrier aIncluye índice onomástico. aDuarte y la "Dominicracia".-- Interpretando la Independencia.-- Sánchez del Marzo Glosario.-- Norcorea: La Tormenta se Acumula.-- El Bloqueo a Catar: Lucha de Intereses.--tEl Mito de la Isla Indivisible.-- Haití: refugiados medioambientales.-- HItí, ¿Victima de quién?.-- Cultura Económica.-- El Calentamiento Global.-- Mi Padre y su Afición por la Literatura.-- Compromiso Duartiano.-- El Futuro Ante la Historia.-- Civismo y Compromiso Remembranzas Maternas.-- Trujillo y Haití (1930 - 1961).-- Bosch y sus Relaciones con Haití (1963).-- El Triunvirato y sus Tensas Relaciones con Haití (1963-1965).-- Los 12 años de Gobierno de Balaguer y Haití (1966-1978).-- El Gobierno.-- El Gobierno del Presidente Antonio Guzmán y sus Relaciones con Haití (1978-1982).-- El Gobierno del Presidente Jorge Blanco y sus Relaciones con Haití (1982-1986).--tLos 10 años de Balaguer y sus Relaciones con Haití (1986-1996).-- Primer Gobierno del Dr. Leonel Fernández y su Relación con Haití (1996-2000).-- El Gobierno del Presidente Ing. Hipólito Mejía y su Relación con Haití (2000-2004).-- Los Gobiernos de Leonel Fernández (2004-2012) y su Relación con Haití.-- Experiencia traumática: Literatura y Tiranía.-- Rasgos Fundamentales: El líder Político del Milenio.-- Día Mundial de los Océanos.-- Julio en la Historia Dominicana.-- La Restauración y Nuestra Dominicracia.-- tPresidente Báez, Planes de Anexión y el Endeudamiento externo del País.-- Apartidismo Militar.-- Epílogo del Siglo XIX en la Historia de la República Dominicana.-- Ambivalencias Políticas de Nuestra "Dominicracia".-- Lecturas Paternas y sus Reflexiones,-- Índice Onomástico. aInventariado 2023 / MF1 aGerón, Candido,d1948-eeditor4ed.935771 dRosario, Mario,ecompilador4comp.983987 2ddccLBS1 00102ddc51708PDaBNPHUbBNPHUcCTd2022-05-19eDonado por Ubi Rivasl0oBNPHU PD p2023-5425r2023-08-18w2023-08-18yLBS1zDedicado. 00102ddc51708PDaBNPHUbBNPHUcCTd2026-03-27eDonado por Leopoldo Maldonadol0o BNPHU PD p2026-2464r2026-03-27te.2w2026-03-27yLBS1 c54469d54469